IFM Opac

Auditing concepts and procedures (Record no. 17758)

MARC details
000 -LEADER
fixed length control field 00330nam a22001457a 4500
020 ## - INTERNATIONAL STANDARD BOOK NUMBER
International Standard Book Number 966281193
082 ## - DEWEY DECIMAL CLASSIFICATION NUMBER
Classification number 657.45
100 ## - MAIN ENTRY--PERSONAL NAME
Personal name Saleemi N.A.
245 ## - TITLE STATEMENT
Title Auditing concepts and procedures
260 ## - PUBLICATION, DISTRIBUTION, ETC.
Place of publication, distribution, etc. Nairobi,Kenya
Name of publisher, distributor, etc. N.A. Saleemi
Date of publication, distribution, etc. 1999
300 ## - PHYSICAL DESCRIPTION
Extent 599p,20cm
500 ## - GENERAL NOTE
General note Quns&Ans
700 ## - ADDED ENTRY--PERSONAL NAME
Personal name Peter Ngigi
942 ## - ADDED ENTRY ELEMENTS (KOHA)
Koha item type Books
Holdings
Withdrawn status Lost status Source of classification or shelving scheme Damaged status Not for loan Collection code Home library Current library Shelving location Date acquired Full call number Barcode Date last seen Price effective from Koha item type
    Dewey Decimal Classification     Non-fiction IFM Main Campus Library IFM Main Campus Library   08/07/2017 657.45 23454/03 08/07/2017 08/07/2017 Books